Most expensive football transfers - Centre-Backs - 2022-2023 Season - Statistics

General Stats
  • This quiz has been taken 23 times
  • The average score is 9 of 10
Answer Stats
Fee (M €) Nationality Left Joined Player % Correct
67,00 Netherlands Juventus Bayern Munich Matthijs de Ligt
100%
52,00 Argentina Atalanta BC Tottenham Cristian Romero
96%
42,00 Senegal SSC Napoli Chelsea Kalidou Koulibaly
96%
57,37 Argentina Ajax Manchester United Lisandro Martínez
96%
50,00 France Sevilla FC Barcelona Jules Koundé
91%
80,40 France Leciester Chelsea Wesley Fofana
91%
46,90 Brazil Torino Juventus Bremer
78%
37,00 Netherlands LOSC Lille Newcastle Sven Botman
74%
35,00 Morocco Stade Rennais West Ham Nayef Aguerd
70%
38,00 France Monaco Chelsea Benoît Badiashile
65%
No matching quizzes found
Score Distribution
Percent of People with Each Score
Percentile by Number Answered
Your Score History
You have not taken this quiz